000 00673cam a2200253 a 4500
999 _c4767
_d4767
001 4767
003 BD-JhCC
005 20221124134023.0
008 851119s1966 enka 001 0 eng d
035 _a(BD-JhCC)
035 _a2381904
040 _aXNLS
_cXNLS
_dBD-JhCC
041 _aeng
082 0 4 _a150
_bMUN 1966
100 1 _aMunn, Norman L.
245 1 0 _aIntroduction to psychology /
_cNorman L. Munn : L. Dodge Fernald, Peter S. Fernald
260 _aLondon :
_bNewnes,
_c1966.
300 _a752p. :
_bill. ;
_c24cm.
650 0 _aPsychology.
700 _aFernald, L. Dodge
700 _aS. Fernald, Peter
942 _2ddc
_cBK
_04